00299nam a2200109 a 450000500170000000800410001705000170005810000060007524500290008126000500011044000290016020140414131920.0101022s19uu xx 00 eng d aERbM88 199? a  aThe musicians of Bremen. aBridlington, England :bPeter Haddock,c199?. aFantasy land fairy tales